000 00753nam a22002297a 4500
005 20170124110031.0
010 _aB-079986
020 _c550.00
_a8172201478
035 _aB-079986
037 _bCen Lib/Ret
040 _aDPL
_bEN
082 _a410
_bPAN
100 _aPandita, S.N.
_921715
245 _aWestern indologists and sanskrit savants of kashmir /
_cby S.N.Pandita
260 _aNew Delhi
_bSiddharth publications
_c2002
270 _a10,DSIC Scheme -II, Okhla industrial area phase-II
_bNew Delhi
_e110020
300 _axxxvi,332p. :
_c21cm(Hb)
_bill.
500 _aIncludes bibliographical reference and index
650 _aLinguistics
_921716
650 _a History -Kashmir
_921717
942 _2ddc
_cEN
_h410
_mPAN
999 _c127848
_d127848